000 00682nas a2200229 4500
001 BR7307881
003 BR-BrBNA
005 20231205082633.0
007 ta
008 230509b bl.|||p| |||| 00| 00por d
040 _aBR-BrBNA
_bpor
_cBiblioteca Nacional de Agricultura
041 _a(Pt)
072 _aQ30
100 1 _aConill, A.F.
245 1 _aA embalagem plastica na comercializacao do arroz [Rio Grande do Sul, Brasil]
650 _aEMBALAGEM
650 _aARROZ
650 _aRIO GRANDE DO SUL
773 0 _tLavoura Arrozeira (Brazil)
_xISSN 0023-9143
_g(Sep 1974), v. 27(281) p. 30-31
_wBR7307881
909 _a202311
_bLúcia
_c55
_dLúcia Elande
942 _2AGRIS
_n0
_cANA
999 _c93409
_d93409